| 000 | 00362nam a2200145Ia 4500 | ||
|---|---|---|---|
| 003 | OSt | ||
| 005 | 20240307111709.0 | ||
| 008 | 170524s9999 xx 000 0 und d | ||
| 020 | _a9788189757137 | ||
| 040 | _cIIMT UNIVERSITY | ||
| 100 | _aGupta- R P | ||
| 245 | 0 | _aElectrical and Electronics Engineering Materials | |
| 260 | _bAsian Publishers | ||
| 942 |
_2ddc _c02 |
||
| 999 |
_c7781 _d7781 |
||